01395nam a2200349Ia 4500001001200000003000800012006001900020007001500039008004100054010001700095020001500112020001800127040002100145035002000166050002300186245010200209260006600311300001500377504004100392533015200433650004500585650005400630650005000684650004100734655002900775700002700804700002300831710001700854710003100871856012600902999001701028ebr10605371CaPaEBRm u cr cn|||||||||950605s1994 ja sb 100 0 eng d z 96128631  z9280808664 z9789280808667 aCaPaEBRcCaPaEBR a(OCoLC)4496283914aHM281b.C89 1994eb04aThe culture of violenceh[electronic resource] /cedited by Kumar Rupesinghe and Marcial Rubio C. aTokyo ;aNew York :bUnited Nations University Press,cc1994. avi, 292 p. aIncludes bibliographical references. aElectronic reproduction.bPalo Alto, Calif. :cebrary,d2011.nAvailable via World Wide Web.nAccess may be limited to ebrary affiliated libraries. 0aCivil warxSocial aspectsvCase studies. 0aPolitical violencexSocial aspectsvCase studies. 0aViolencexCross-cultural studiesvCongresses. 0aViolencezLatin AmericavCongresses. 7aElectronic books.2local1 aRubio Correa, Marcial.1 aRupesinghe, Kumar.2 aebrary, Inc.2 aUnited Nations University.40uhttp://site.ebrary.com/lib/rucke/Doc?id=10605371zAn electronic book accessible through the World Wide Web; click to view c97227d97227